Corazoncitos Corazoncitos / (Registro nro. 24247)

Detalles MARC
000 -LEADER
fixed length control field 00605nam a22001937a 4500
003 - CONTROL NUMBER IDENTIFIER
control field DO-CoUTE
005 - DATE AND TIME OF LATEST TRANSACTION
control field 20260601131220.0
008 - FIXED-LENGTH DATA ELEMENTS--GENERAL INFORMATION
fixed length control field 260601b dr ||||| |||| 00| 0 spa d
040 ## - CATALOGING SOURCE
Original cataloging agency DO-CoUTE
Language of cataloging spa
Transcribing agency DO-CoUTE
082 ## - DEWEY DECIMAL CLASSIFICATION NUMBER
Classification number RD861.44L429C
100 1# - MAIN ENTRY--PERSONAL NAME
Personal name Calderón Lázala, Bélgica
Relator term Autor
245 10 - TITLE STATEMENT
Title Corazoncitos Corazoncitos /
Statement of responsibility, etc. Bélgica Lázala Calderón
260 ## - PUBLICATION, DISTRIBUTION, ETC.
Place of publication, distribution, etc. Republica Dominicana ;
Name of publisher, distributor, etc. Santuario
Date of publication, distribution, etc. 2025
300 ## - PHYSICAL DESCRIPTION
Extent 79 Paginas
Dimensions 22cm,
504 ## - BIBLIOGRAPHY, ETC. NOTE
Bibliography, etc. note Incluye referencia bibliográfica e índice.
650 #4 - SUBJECT ADDED ENTRY--TOPICAL TERM
Topical term or geographic name entry element Poema
700 1# - ADDED ENTRY--PERSONAL NAME
Personal name Belgica Lazala Calderon
Relator term Autor
942 ## - ADDED ENTRY ELEMENTS (KOHA)
Source of classification or shelving scheme Dewey Decimal Classification
Koha item type Libros
Existencias
Withdrawn status Lost status Source of classification or shelving scheme Damaged status Not for loan Collection code Home library Current library Shelving location Date acquired Inventory number Total Checkouts Full call number Barcode Date last seen Copy number Price effective from Koha item type
    Dewey Decimal Classification     Colección Dominicana Biblioteca UTECO Biblioteca UTECO En Estantería 06/01/2026 023977   RD861.44L429C 023977 06/01/2026 Ej.1 06/01/2026 Libros
    Dewey Decimal Classification     Colección Dominicana Biblioteca UTECO Biblioteca UTECO En Estantería 06/01/2026 023975   RD861.44L429C 023975 06/01/2026 Ej.2 06/01/2026 Libros
    Dewey Decimal Classification     Colección Dominicana Biblioteca UTECO Biblioteca UTECO En Estantería 06/01/2026 023976   RD861.44L429C 023976 06/01/2026 Ej.3 06/01/2026 Libros
© 2021 Derechos Reservados UTECO - Teléfono: +1 809-585-2291 - Correo electrónico: biblioteca@uteco.edu.do​  
Código postal 43000 ​​
Dirección: Avenida Universitaria No. 100, 
Cotuí, Provincia Sánchez Ramírez, República Dominicana - RNC: 404-00059-6